<?xml version="1.0" encoding="UTF-8"?>
<collection xmlns="http://www.loc.gov/MARC21/slim">
 <record>
  <leader>01344nam a2200289 a 4500</leader>
  <controlfield tag="001">EUN.eunm009471</controlfield>
  <controlfield tag="007">ta</controlfield>
  <controlfield tag="008">231201s2023####ag#####jr#####001#f#spa##</controlfield>
  <controlfield tag="005">20241112085433.0</controlfield>
  <datafield tag="245" ind1="1" ind2="3">
   <subfield code="a">La sombra del jacarandá /</subfield>
   <subfield code="c">Paula Bombara.</subfield>
  </datafield>
  <datafield tag="250" ind1=" " ind2=" ">
   <subfield code="a">1a ed.</subfield>
  </datafield>
  <datafield tag="260" ind1=" " ind2=" ">
   <subfield code="a">Ciudad de Buenos Aires :</subfield>
   <subfield code="b">Grupo Editorial Norma,</subfield>
   <subfield code="c">2023.</subfield>
  </datafield>
  <datafield tag="300" ind1=" " ind2=" ">
   <subfield code="a">146 p. ;</subfield>
   <subfield code="c">21 cm.</subfield>
  </datafield>
  <datafield tag="490" ind1="1" ind2=" ">
   <subfield code="a">Zona Libre</subfield>
  </datafield>
  <datafield tag="520" ind1=" " ind2=" ">
   <subfield code="a">&quot;En esta novela se entrelazan dos historias inquietantes: la de Roberto, un hombre que en su juventud se vio implicado en uno de los entierros clandestinos llevados a cabo por la dictadura del 76, y la de Mateo y Agustín, dos jóvenes hermanos que emprenden la búsqueda de sus abuelos desaparecidos. La autora de 'El mar y la serpiente' vuelve a indagar sobre los dolorosos hechos ocurridos en los años más terribles de la Argentina.&quot;--Contratapa.</subfield>
  </datafield>
  <datafield tag="020" ind1=" " ind2=" ">
   <subfield code="a">9789878070803</subfield>
  </datafield>
  <datafield tag="100" ind1="1" ind2=" ">
   <subfield code="a">Bombara, Paula,</subfield>
   <subfield code="d">1972-</subfield>
   <subfield code="e">autora</subfield>
   <subfield code="4">aut</subfield>
  </datafield>
  <datafield tag="830" ind1=" " ind2="0">
   <subfield code="a">Zona Libre(Grupo Editorial Norma)</subfield>
  </datafield>
  <datafield tag="080" ind1=" " ind2=" ">
   <subfield code="a">821.134.2(82)-93</subfield>
   <subfield code="2">2016</subfield>
  </datafield>
  <datafield tag="082" ind1="0" ind2="4">
   <subfield code="a">A863.5</subfield>
   <subfield code="2">21</subfield>
  </datafield>
  <datafield tag="650" ind1=" " ind2="7">
   <subfield code="a">Literatura argentina.</subfield>
   <subfield code="2">unbist</subfield>
  </datafield>
  <datafield tag="650" ind1=" " ind2="7">
   <subfield code="a">Historia.</subfield>
   <subfield code="2">unbist</subfield>
  </datafield>
  <datafield tag="651" ind1=" " ind2="4">
   <subfield code="a">Argentina</subfield>
   <subfield code="y">1976-1983, Dictadura militar</subfield>
  </datafield>
  <datafield tag="655" ind1=" " ind2="4">
   <subfield code="a">Novela</subfield>
  </datafield>
  <datafield tag="040" ind1=" " ind2=" ">
   <subfield code="a">AR-BaBN</subfield>
   <subfield code="b">spa</subfield>
   <subfield code="c">AR-BaBN</subfield>
   <subfield code="e">aacr</subfield>
   <subfield code="d">AR-BaUNS</subfield>
  </datafield>
  <datafield tag="044" ind1=" " ind2=" ">
   <subfield code="a">ag</subfield>
   <subfield code="c">ar-c</subfield>
  </datafield>
  <datafield tag="859" ind1=" " ind2=" ">
   <subfield code="a">AR-BaUNS</subfield>
   <subfield code="b">BIB. CENTRAL - Sector A</subfield>
   <subfield code="h">A863.5</subfield>
   <subfield code="i">Bo64</subfield>
   <subfield code="p">128956/024</subfield>
  </datafield>
 </record>
</collection>
